[Event "Mumbai Wealth op"]
[Site "Mumbai"]
[Date "2016.01.31"]
[Round "4"]
[White "Patnigere, Abhishek"]
[Black "Savalkar, Mayuri"]
[Result "0-1"]
[WhiteElo "1344"]
[BlackElo "1260"]
[PlyCount "58"]
[EventDate "2016.01.28"]
[EventType "swiss"]
[EventRounds "9"]
[EventCountry "IND"]
[SourceTitle "CBM 170 Extra"]
[Source "ChessBase"]
[SourceDate "2016.02.25"]
[SourceVersion "1"]
[SourceVersionDate "2016.02.25"]
[SourceQuality "1"]

1. e4 e5 2. Bc4 Nf6 3. d4 exd4 4. Nf3 Nc6 5. 0-0 d6 6. Nxd4 Nxd4 7. Qxd4 Be7 8. Nc3 c6 9. Kh1 0-0 10. f4 Be6 11. Bb3 Qc7 12. f5 Bd7 13. Qe3 a6 14. Qf3 c5 15. g4 c4 16. g5 cxb3 17. gxf6 Bxf6 18. Nd5 Qd8 19. Qg2 Kh8 20. cxb3 Bc6 21. Nxf6 Qxf6 22. Bg5 Qe5 23. Rae1 f6 24. Bd2 Rae8 25. Rf4 Re7 26. Rh4 Rfe8 27. Bc3 Qxf5 28. Rf1 Rxe4 29. Rxf5 Re1+ 0-1